|
|
|
|
| LEADER |
00889cam a2200241 a 4500 |
| 001 |
0000039722 |
| 005 |
20110321090000.0 |
| 040 |
|
|
|a mod
|
| 041 |
|
|
|a eng
|
| 020 |
0 |
0 |
|a 0198291027
|
| 090 |
0 |
0 |
|b 358.1754
|b SPA
|e 1987
|
| 245 |
0 |
0 |
|a Space weapons and international security
|c edited by Bhupendra Jasani
|
| 260 |
0 |
0 |
|a New York
|b OUP
|c 1987
|
| 300 |
0 |
0 |
|a xvi, 366 p.
|b ill.
|c 24 cm
|
| 650 |
0 |
0 |
|a Stockholm International Peace Research Institute (SIPRI)
|
| 650 |
0 |
0 |
|a Ballistic missile defences
|
| 650 |
0 |
0 |
|a Space weapons
|
| 650 |
0 |
0 |
|a Security, International
|
| 700 |
1 |
1 |
|a Jasani
|h Bhupendra
|
| 852 |
0 |
0 |
|a 01
|
| 999 |
|
|
|a 0084899
|b 6 Skuadron Rejimen Askar Jurutera Diraja
|d BOOKS
|e Umum
|f Other Branches
|j AVAILABLE
|q OLD
|
| 999 |
|
|
|a 1000004316
|b Maktab Pertahanan Angkatan Tentera
|d BOOKS
|e Umum
|f MPAT
|j AVAILABLE
|q OLD
|
| 999 |
|
|
|a 1000004317
|b Maktab Pertahanan Angkatan Tentera
|d BOOKS
|e Umum
|f MPAT
|j AVAILABLE
|q OLD
|